000 00334nam a2200145Ia 4500
008 191201s2012 xx 000 0 und d
082 _a621.8
_bPAM
100 _aPANDEY,P.C
245 0 _aModern Machining Processes
250 _aRep 45
260 _aN. Delhi
_bTMH
_c2012
300 _a168
650 _aM.Tech (ME)
942 _2ddc
_cBK
999 _c5236
_d5236